Στάσεις και αντιλήψεις πολιτών για την περιβαλλοντική διαχείριση της προστατευόμενης περιοχής του Εθνικού Δρυμού Αίνου
Αποθηκεύτηκε σε:
| Κύριοι συγγραφείς: | , |
|---|---|
| Συγγραφή απο Οργανισμό/Αρχή: | |
| Μορφή: | Thesis Βιβλίο |
| Γλώσσα: | Greek |
| Δημοσίευση: |
[2015].
|
| Θέματα: | |
| Διαθέσιμο Online: | http://hdl.handle.net/11610/17914 |
| Ετικέτες: |
Προσθήκη ετικέτας
Δεν υπάρχουν, Καταχωρήστε ετικέτα πρώτοι!
|
MARC
| LEADER | 00000cam a2200000 a 4500 | ||
|---|---|---|---|
| 001 | 1/114215 | ||
| 008 | 170601s2015####gr | ||| |||| ||gre|| | ||
| 040 | |a GR-MyUa |b gre |c GR-MyUa |e AACR2 | ||
| 041 | 0 | |a gre | |
| 082 | 7 | |a 363.70525 |2 (23) | |
| 100 | 1 | |a Βρεττού, Χριστίνα. | |
| 245 | 1 | 0 | |a Στάσεις και αντιλήψεις πολιτών για την περιβαλλοντική διαχείριση της προστατευόμενης περιοχής του Εθνικού Δρυμού Αίνου / |c Βρεττού Χριστίνα, Κοκόλη Ευγενία ; επιβλέπων καθηγητής: Δημητρακόπουλος Παναγιώτης. |
| 260 | |c [2015]. | ||
| 300 | |a 82 σ. : |b εικ., πιν., σχ. ; |c 30 εκ. | ||
| 502 | |a Πτυχιακή εργασία – Πανεπιστήμιο Αιγαίου, Λέσβος, 2015. | ||
| 504 | |a Περιλαμβάνει βιβλιογραφία και παράρτημα. | ||
| 506 | 0 | |a Ηλεκτρονική διάθεση στο πλήρες κείμενο - ελεύθερης πρόσβασης. | |
| 650 | 0 | |a Environmental protection |x Citizen participation. | |
| 650 | 0 | |a Environmental protection |x Public opinion. | |
| 650 | 0 | |a Protected areas |z Greece |z Ethnikos Drymos Ainos Kephalonias. | |
| 650 | 0 | |a Protected areas |x Management. | |
| 700 | 1 | |a Κοκόλη, Ευγενία, |e aut | |
| 700 | 1 | |a Δημητρακόπουλος, Παναγιώτης Γ. |e dgs | |
| 710 | 2 | |a Πανεπιστήμιο Αιγαίου. |b Σχολή Περιβάλλοντος. |b Τμήμα Περιβάλλοντος. | |
| 852 | |a INST |b LESVOS |c DIATR |e 20170601 |h 1708 |p 005100059444 |q 005100059444 |t DIE |y 23 | ||
| 856 | |u http://hdl.handle.net/11610/17914 | ||
| 924 | |a Βρεττού |b Χριστίνα |y Λέσβος |z 2016-05 | ||
| 924 | |a Κοκόλη |b Ευγενία |y Λέσβος |z 2016-05 | ||
| 970 | |a Πατσή |b Ανθίππη |z 01-06-2017 | ||